000 00588nam a2200193Ia 4500
003 GCL
008 140319s9999 xx 000 0 ara d
040 _aGCL /
_cGCL
082 0 4 _a811.009
_bع ب
100 1 _aعلى ابراهيم ابوزيد
245 1 0 _aبناء القصيدة فى شعر الناشىء الاكبر /
_cعلى ابراهيم ابوزيد
260 _a[S.N] :
_bدار المعارف ،
_c1994
300 _a284
490 _a
650 0 4 _aالشعر العربى
650 0 4 _aالادب العربى
650 0 4 _aتاريخ ونقد
942 _2ddc
_cBK
999 _c27854
_d27854